[Event "Moscow_Open_19_TurnirA"]
[Site "?"]
[Date "2019.01.29"]
[Round "4.2"]
[White "Zakhartsov, Vladimir"]
[Black "Goganov, Aleksey"]
[Result "1-0"]
[BlackElo "2612"]
[WhiteElo "2483"]
[LiveChessVersion "1.4.8"]

1. c4 {[%clk 1:30:58]} c6 {[%clk 1:30:52]} 2. d4 {[%clk 1:31:18]} d5
{[%clk 1:31:18]} 3. cxd5 {[%clk 1:31:33]} cxd5 {[%clk 1:31:42]} 4. Nf3 Nc6
{[%clk 1:31:57]} 5. Nc3 {[%clk 1:32:10]} Nf6 {[%clk 1:32:22]} 6. Bf4
{[%clk 1:32:28]} Bf5 {[%clk 1:28:44]} 7. e3 {[%clk 1:32:46]} e6 {[%clk 1:29:10]}
8. Bd3 {[%clk 1:33:03]} Bxd3 {[%clk 1:29:34]} 9. Qxd3 {[%clk 1:33:29]} Be7
{[%clk 1:29:44]} 10. h3 {[%clk 1:33:24]} O-O {[%clk 1:29:45]} 11. O-O
{[%clk 1:33:47]} Rc8 {[%clk 1:26:53]} 12. Rfc1 {[%clk 1:31:36]} a6
{[%clk 1:26:55]} 13. Ne5 {[%clk 1:29:16]} Nxe5 {[%clk 1:26:11]} 14. Bxe5
{[%clk 1:29:40]} Nd7 {[%clk 1:24:43]} 15. Bg3 {[%clk 1:29:40]} g6
{[%clk 1:01:41]} 16. Rc2 {[%clk 1:29:40]} Nb6 {[%clk 1:01:41]} 17. Rac1
{[%clk 1:29:40]} Qd7 {[%clk 1:01:41]} 18. Nb1 {[%clk 1:29:40]} Rxc2
{[%clk 1:01:41]} 19. Rxc2 {[%clk 1:29:40]} Rc8 {[%clk 1:01:41]} 20. Rxc8+
{[%clk 1:17:58]} Qxc8 {[%clk 1:02:01]} 21. Qc3 {[%clk 1:18:19]} Qxc3
{[%clk 1:02:09]} 22. Nxc3 {[%clk 1:18:42]} Bb4 {[%clk 1:02:12]} 23. Nb1
{[%clk 1:17:23]} Nc4 {[%clk 1:00:41]} 24. b3 {[%clk 1:17:42]} Nb2
{[%clk 0:46:48]} 25. Bc7 {[%clk 1:18:04]} Nd3 {[%clk 0:45:47]} 26. a3
{[%clk 1:17:38]} Be7 {[%clk 0:45:52]} 27. Kf1 {[%clk 1:17:21]} Nc1
{[%clk 0:45:09]} 28. Ke1 {[%clk 1:16:51]} Nxb3 {[%clk 0:42:45]} 29. Kd1
{[%clk 1:17:13]} f6 {[%clk 0:33:45]} 30. Kc2 {[%clk 1:16:22]} Nc5
{[%clk 0:34:12]} 31. dxc5 {[%clk 1:16:44]} Bxc5 {[%clk 0:34:39]} 32. Ba5
{[%clk 1:13:58]} Kf7 {[%clk 0:34:59]} 33. Bb4 {[%clk 1:13:55]} Ba7
{[%clk 0:26:48]} 34. Nd2 {[%clk 1:13:25]} e5 {[%clk 0:27:12]} 35. Nb3
{[%clk 1:13:36]} b6 {[%clk 0:27:38]} 36. f3 {[%clk 1:12:51]} Ke6 {[%clk 0:27:37]}
37. e4 {[%clk 1:12:53]} Bb8 {[%clk 0:27:15]} 38. a4 {[%clk 1:12:20]} Bd6
{[%clk 0:27:39]} 39. exd5+ {[%clk 0:57:42]} Kxd5 {[%clk 0:28:03]} 40. Bxd6
{[%clk 1:28:08]} Kxd6 {[%clk 0:58:24]} 41. Nd2 {[%clk 1:28:37]} Kd5
{[%clk 0:57:03]} 42. Ne4 {[%clk 1:21:26]} Ke6 {[%clk 0:57:15]} 43. Kd3
{[%clk 1:21:00]} h6 {[%clk 0:57:37]} 44. Nc3 {[%clk 1:17:37]} Kd6
{[%clk 0:55:28]} 45. g4 {[%clk 1:06:31]} f5 {[%clk 0:55:38]} 46. gxf5
{[%clk 1:01:54]} gxf5 {[%clk 0:56:02]} 47. h4 {[%clk 1:02:17]} Kc5
{[%clk 0:51:55]} 48. h5 {[%clk 0:57:13]} b5 {[%clk 0:51:33]} 49. a5
{[%clk 0:56:27]} b4 {[%clk 0:50:16]} 50. Nd1 {[%clk 0:56:49]} e4+
{[%clk 0:47:03]} 51. fxe4 {[%clk 0:57:01]} fxe4+ {[%clk 0:47:12]} 52. Kxe4
{[%clk 0:57:21]} b3 {[%clk 0:36:06]} 53. Kd3 {[%clk 0:47:34]} Kb4
{[%clk 0:35:51]} 54. Ne3 {[%clk 0:47:43]} Kxa5 {[%clk 0:36:06]} 55. Kc3
{[%clk 0:47:45]} Ka4 {[%clk 0:36:29]} 56. Kb2 {[%clk 0:47:52]} Kb4
{[%clk 0:36:23]} 57. Nf5 {[%clk 0:47:40]} a5 {[%clk 0:36:49]} 58. Nxh6
{[%clk 0:48:05]} a4 {[%clk 0:37:17]} 59. Nf5 {[%clk 0:48:27]} a3+
{[%clk 0:37:44]} 60. Kb1 {[%clk 0:48:35]} Kc3 {[%clk 0:37:36]} 61. Ne3
{[%clk 0:48:45]} 1-0

[Event "Moscow_Open_19_TurnirA"]
[Site "?"]
[Date "2019.01.29"]
[Round "4.3"]
[White "Kokarev, Dmitry"]
[Black "Bryakin, Mikhail"]
[Result "1/2-1/2"]
[BlackElo "2426"]
[WhiteElo "2605"]
[LiveChessVersion "1.4.8"]

1. e4 {[%clk 1:30:57]} c6 {[%clk 1:30:50]} 2. Nc3 {[%clk 1:31:16]} d5
{[%clk 1:31:10]} 3. Nf3 {[%clk 1:31:39]} Bg4 {[%clk 1:29:15]} 4. h3
{[%clk 1:32:01]} Bxf3 {[%clk 1:29:30]} 5. Qxf3 {[%clk 1:32:24]} e6
{[%clk 1:29:16]} 6. g3 {[%clk 1:32:45]} Nf6 {[%clk 1:27:51]} 7. Bg2
{[%clk 1:33:07]} Nbd7 {[%clk 1:26:39]} 8. O-O {[%clk 1:33:03]} Bc5
{[%clk 1:23:29]} 9. d3 {[%clk 1:24:55]} O-O {[%clk 1:22:59]} 10. Qe2
{[%clk 1:24:56]} dxe4 {[%clk 1:19:18]} 11. Nxe4 {[%clk 1:25:06]} Nxe4
{[%clk 1:19:23]} 12. Qxe4 {[%clk 1:25:30]} Nf6 {[%clk 1:18:18]} 13. Qe2
{[%clk 1:25:54]} Re8 {[%clk 1:17:36]} 14. c3 {[%clk 1:23:24]} e5 {[%clk 1:12:51]}
15. b4 {[%clk 1:23:43]} Bf8 {[%clk 1:09:18]} 16. Rb1 {[%clk 1:20:26]} Qd7
{[%clk 1:06:26]} 17. c4 {[%clk 1:09:54]} a5 {[%clk 0:54:51]} 18. b5
{[%clk 1:09:48]} Bc5 {[%clk 0:54:12]} 19. bxc6 {[%clk 1:02:40]} bxc6
{[%clk 0:54:40]} 20. Bg5 {[%clk 0:57:44]} Qd6 {[%clk 0:51:28]} 21. Rb7
{[%clk 0:56:58]} Rab8 {[%clk 0:42:40]} 22. Rfb1 {[%clk 0:56:19]} Rxb7
{[%clk 0:38:29]} 23. Rxb7 {[%clk 0:56:34]} h6 {[%clk 0:38:13]} 24. Bxf6
{[%clk 0:46:23]} Qxf6 {[%clk 0:38:11]} 25. Be4 {[%clk 0:42:25]} g6
{[%clk 0:37:08]} 26. Rc7 {[%clk 0:41:55]} Re6 {[%clk 0:34:12]} 27. Kg2
{[%clk 0:41:14]} Kg7 {[%clk 0:33:06]} 28. a4 {[%clk 0:40:06]} Qd8
{[%clk 0:24:06]} 29. Rxc6 {[%clk 0:37:20]} Rxc6 {[%clk 0:24:34]} 30. Bxc6
{[%clk 0:37:43]} Qd4 {[%clk 0:24:57]} 31. g4 {[%clk 0:35:15]} Qf4
{[%clk 0:23:37]} 32. Bf3 {[%clk 0:35:07]} Kf6 {[%clk 0:20:54]} 33. Qe1
{[%clk 0:34:25]} Bb4 {[%clk 0:19:41]} 34. Qe2 {[%clk 0:32:35]} Bc5
{[%clk 0:19:50]} 35. h4 {[%clk 0:32:51]} Kg7 {[%clk 0:19:10]} 36. Qe1
{[%clk 0:28:15]} Bb4 {[%clk 0:18:00]} 37. Qe3 {[%clk 0:25:23]} Qxe3
{[%clk 0:13:25]} 38. fxe3 {[%clk 0:24:51]} Bc5 {[%clk 0:13:53]} 39. Kf2
{[%clk 0:25:15]} f5 {[%clk 0:12:44]} 40. Ke2 {[%clk 0:55:35]} e4 {[%clk 0:37:04]}
41. dxe4 {[%clk 0:55:53]} fxe4 {[%clk 0:32:56]} 42. Bxe4 {[%clk 0:56:17]} g5
{[%clk 0:31:41]} 43. h5 {[%clk 0:56:24]} Kf6 {[%clk 0:32:09]} 44. Kd3
{[%clk 0:56:45]} Ke5 {[%clk 0:32:30]} 45. Bf5 {[%clk 0:57:10]} Bb6
{[%clk 0:32:29]} 46. c5 {[%clk 0:57:15]} Bxc5 {[%clk 0:32:57]} 47. e4
{[%clk 0:57:40]} Bb4 {[%clk 0:30:52]} 48. Kc4 {[%clk 0:57:58]} Kd6
{[%clk 0:30:41]} 49. Kb5 {[%clk 0:58:22]} Be1 {[%clk 0:30:04]} 50. Kb6
{[%clk 0:58:46]} Bd2 {[%clk 0:30:01]} 51. Kb7 {[%clk 0:59:10]} Bc3
{[%clk 0:29:55]} 52. Kc8 {[%clk 0:58:46]} Ke7 {[%clk 0:23:37]} 53. Kc7
{[%clk 0:59:05]} Bd2 {[%clk 0:22:51]} 54. Kc6 {[%clk 0:58:08]} Bf4
{[%clk 0:22:51]} 55. Kb5 {[%clk 0:57:39]} Bd2 {[%clk 0:20:25]} 56. Kc5
{[%clk 0:57:30]} Bf4 {[%clk 0:20:39]} 57. Bc8 {[%clk 0:55:25]} Bg3
{[%clk 0:20:24]} 58. Kd5 {[%clk 0:55:17]} Kf6 {[%clk 0:20:34]} 59. Kc6
{[%clk 0:55:36]} Ke7 {[%clk 0:20:52]} 60. Ba6 {[%clk 0:56:00]} Bf4
{[%clk 0:20:42]} 61. Bc4 {[%clk 0:56:19]} Bg3 {[%clk 0:20:51]} 62. Bb3
{[%clk 0:53:53]} Bf4 {[%clk 0:21:06]} 63. Kb6 {[%clk 0:54:13]} Bd2
{[%clk 0:21:31]} 64. e5 {[%clk 0:54:37]} Bc3 {[%clk 0:21:39]} 65. Kb5
{[%clk 0:54:57]} Kd7 {[%clk 0:16:47]} 66. e6+ {[%clk 0:55:02]} Ke7
{[%clk 0:16:05]} 67. Kc4 {[%clk 0:55:26]} Bb4 {[%clk 0:15:59]} 68. Kd4
{[%clk 0:55:49]} Kf6 {[%clk 0:15:26]} 69. Kd5 {[%clk 0:56:02]} Ba3
{[%clk 0:15:26]} 70. Ke4 {[%clk 0:56:21]} 1/2-1/2

[Event "Moscow_Open_19_TurnirA"]
[Site "?"]
[Date "2019.01.29"]
[Round "4.4"]
[White "Yeletsky, Ivan"]
[Black "Pridorozhni, Aleksei"]
[Result "0-1"]
[BlackElo "2568"]
[WhiteElo "2406"]
[LiveChessVersion "1.4.8"]

1. e4 e5 {[%clk 1:23:39]} 2. Nf3 {[%clk 1:30:51]} Nc6 {[%clk 1:24:03]} 3. Bb5
{[%clk 1:31:11]} a6 {[%clk 1:24:28]} 4. Ba4 {[%clk 1:31:32]} Nf6 {[%clk 1:24:32]}
5. O-O {[%clk 1:31:45]} b5 {[%clk 1:24:49]} 6. Bb3 {[%clk 1:32:00]} Be7
{[%clk 1:25:13]} 7. d4 {[%clk 1:28:29]} d6 {[%clk 1:22:46]} 8. c3
{[%clk 1:28:33]} O-O {[%clk 1:22:47]} 9. h3 {[%clk 1:28:41]} Bb7 {[%clk 1:21:27]}
10. Nbd2 {[%clk 1:23:00]} exd4 {[%clk 1:16:53]} 11. cxd4 {[%clk 1:23:13]} Nb4
{[%clk 1:17:09]} 12. Qe2 {[%clk 1:16:51]} c5 {[%clk 1:14:36]} 13. a3
{[%clk 1:17:02]} Nc6 {[%clk 1:14:59]} 14. dxc5 {[%clk 1:04:53]} dxc5
{[%clk 1:15:17]} 15. Rd1 {[%clk 1:05:10]} Qc7 {[%clk 1:07:18]} 16. e5
{[%clk 1:04:49]} Nd7 {[%clk 1:06:57]} 17. e6 {[%clk 1:04:26]} fxe6
{[%clk 1:04:04]} 18. Qxe6+ {[%clk 1:00:20]} Kh8 {[%clk 0:59:23]} 19. Ne4
{[%clk 1:00:29]} Nde5 {[%clk 0:59:21]} 20. Nxe5 {[%clk 0:59:17]} Qxe5
{[%clk 0:58:29]} 21. Ng5 {[%clk 0:55:52]} c4 {[%clk 0:57:19]} 22. Bc2
{[%clk 0:54:21]} Qxe6 {[%clk 0:53:47]} 23. Nxe6 {[%clk 0:54:39]} Rf6
{[%clk 0:53:59]} 24. Re1 {[%clk 0:49:18]} Re8 {[%clk 0:45:35]} 25. Bg5
{[%clk 0:44:45]} Rf7 {[%clk 0:46:24]} 26. Rad1 {[%clk 0:30:07]} Bc8
{[%clk 0:37:02]} 27. Nc5 {[%clk 0:15:34]} Ref8 {[%clk 0:34:44]} 28. Bxe7
{[%clk 0:15:49]} Rxe7 {[%clk 0:30:53]} 29. Rxe7 {[%clk 0:15:42]} Nxe7
{[%clk 0:31:19]} 30. Rd6 {[%clk 0:10:29]} Kg8 {[%clk 0:31:40]} 31. Be4
{[%clk 0:05:02]} Rf6 {[%clk 0:31:50]} 32. Rd8+ {[%clk 0:04:12]} Kf7
{[%clk 0:32:15]} 33. Bxh7 {[%clk 0:04:34]} Rc6 {[%clk 0:31:44]} 34. Ne4
{[%clk 0:04:56]} g6 {[%clk 0:31:59]} 35. g4 {[%clk 0:04:22]} Kg7 {[%clk 0:30:58]}
36. Re8 {[%clk 0:03:09]} Rc7 {[%clk 0:31:20]} 37. Ng5 {[%clk 0:03:32]} a5
{[%clk 0:31:36]} 38. f4 {[%clk 0:01:09]} b4 {[%clk 0:32:00]} 39. axb4
{[%clk 0:01:35]} axb4 {[%clk 0:32:26]} 40. Rd8 {[%clk 0:31:27]} c3
{[%clk 1:01:04]} 41. bxc3 {[%clk 0:31:50]} bxc3 {[%clk 1:01:31]} 42. Rd1
{[%clk 0:31:51]} c2 {[%clk 1:01:43]} 43. Rc1 {[%clk 0:32:13]} Nd5
{[%clk 1:02:07]} 44. Bxg6 {[%clk 0:22:22]} Kxg6 {[%clk 1:02:25]} 45. Nf3
{[%clk 0:22:45]} Nb4 {[%clk 0:59:31]} 46. Ne1 {[%clk 0:22:46]} Bb7
{[%clk 0:58:06]} 47. Nxc2 {[%clk 0:20:06]} Nxc2 {[%clk 0:58:08]} 48. Rd1
{[%clk 0:20:06]} Be4 {[%clk 0:57:57]} 49. Rd6+ {[%clk 0:19:17]} Kf7
{[%clk 0:58:21]} 50. f5 {[%clk 0:17:35]} Rc6 {[%clk 0:56:28]} 51. Rxc6
{[%clk 0:16:48]} Bxc6 {[%clk 0:56:53]} 52. Kf2 {[%clk 0:17:08]} Kf6
{[%clk 0:57:18]} 53. Kg3 {[%clk 0:17:27]} Ne3 {[%clk 0:57:43]} 54. Kh4
{[%clk 0:15:48]} Ng2+ {[%clk 0:57:58]} 55. Kh5 {[%clk 0:15:52]} Bf3
{[%clk 0:58:22]} 56. Kh6 {[%clk 0:16:13]} Nf4 {[%clk 0:58:44]} 57. g5+
{[%clk 0:16:05]} Kxf5 {[%clk 0:59:09]} 58. h4 {[%clk 0:16:26]} Bh5
{[%clk 0:59:29]} 59. Kg7 {[%clk 0:16:44]} Kg4 {[%clk 0:59:45]} 60. Kf6
{[%clk 0:16:10]} Bg6 {[%clk 0:59:46]} 0-1

[Event "Moscow_Open_19_TurnirA"]
[Site "?"]
[Date "2019.01.29"]
[Round "4.5"]
[White "Mozharov, Mikhail"]
[Black "Dvalishvili, Pavel S."]
[Result "1-0"]
[BlackElo "2396"]
[WhiteElo "2549"]
[LiveChessVersion "1.4.8"]

1. e4 {[%clk 1:30:57]} e5 {[%clk 1:29:44]} 2. Nf3 {[%clk 1:31:20]} Nc6
{[%clk 1:30:06]} 3. Bb5 {[%clk 1:31:46]} a6 {[%clk 1:30:27]} 4. Ba4
{[%clk 1:32:08]} Nf6 {[%clk 1:30:44]} 5. d3 {[%clk 1:32:17]} d6 {[%clk 1:30:51]}
6. c3 {[%clk 1:32:36]} Be7 {[%clk 1:31:04]} 7. O-O {[%clk 1:32:42]} O-O
{[%clk 1:31:22]} 8. Re1 {[%clk 1:32:54]} Bd7 {[%clk 1:26:26]} 9. d4
{[%clk 1:29:37]} Re8 {[%clk 1:23:17]} 10. h3 {[%clk 1:27:50]} Bf8
{[%clk 1:23:01]} 11. Nbd2 {[%clk 1:26:43]} b5 {[%clk 1:20:52]} 12. Bc2
{[%clk 1:25:06]} g6 {[%clk 1:19:42]} 13. Nf1 {[%clk 1:24:09]} Bg7
{[%clk 1:15:15]} 14. Ng3 {[%clk 1:23:07]} Qb8 {[%clk 1:14:33]} 15. Bg5
{[%clk 1:21:54]} h6 {[%clk 1:12:12]} 16. Be3 {[%clk 1:21:24]} Qb7
{[%clk 1:06:53]} 17. Qd2 {[%clk 1:20:55]} Kh7 {[%clk 1:07:14]} 18. Rad1
{[%clk 1:20:00]} Rad8 {[%clk 1:02:03]} 19. Qc1 {[%clk 1:08:06]} Re7
{[%clk 0:57:38]} 20. Nd2 {[%clk 0:57:49]} Ng8 {[%clk 0:51:23]} 21. Nb3
{[%clk 0:57:15]} Rde8 {[%clk 0:45:08]} 22. Bd3 {[%clk 0:52:14]} Qc8
{[%clk 0:42:46]} 23. f4 {[%clk 0:42:11]} exf4 {[%clk 0:41:56]} 24. Bxf4
{[%clk 0:42:24]} Nd8 {[%clk 0:41:54]} 25. Be3 {[%clk 0:35:59]} Be6
{[%clk 0:40:22]} 26. Nd2 {[%clk 0:23:21]} c5 {[%clk 0:39:54]} 27. Qb1
{[%clk 0:23:43]} cxd4 {[%clk 0:37:29]} 28. cxd4 {[%clk 0:24:09]} Qb8
{[%clk 0:37:16]} 29. Nf3 {[%clk 0:23:01]} Bc4 {[%clk 0:36:00]} 30. Bc2
{[%clk 0:22:32]} b4 {[%clk 0:36:20]} 31. b3 {[%clk 0:13:59]} Bb5 {[%clk 0:36:48]}
32. h4 {[%clk 0:10:34]} Qc8 {[%clk 0:33:27]} 33. h5 {[%clk 0:10:57]} Qg4
{[%clk 0:33:46]} 34. Bf2 {[%clk 0:11:06]} Rf8 {[%clk 0:29:59]} 35. e5
{[%clk 0:11:01]} dxe5 {[%clk 0:29:49]} 36. dxe5 {[%clk 0:11:10]} Rd7
{[%clk 0:24:16]} 37. Re4 {[%clk 0:07:22]} Rxd1+ {[%clk 0:24:26]} 38. Qxd1
{[%clk 0:07:45]} Qc8 {[%clk 0:24:36]} 39. Rxb4 {[%clk 0:06:37]} Ne7
{[%clk 0:24:44]} 40. a4 {[%clk 0:34:21]} Bc6 {[%clk 0:54:53]} 41. Ne4
{[%clk 0:32:26]} Bxe4 {[%clk 0:53:01]} 42. Bxe4 {[%clk 0:32:18]} Ndc6
{[%clk 0:53:20]} 43. Rc4 {[%clk 0:32:03]} Qe6 {[%clk 0:52:04]} 44. hxg6+
{[%clk 0:31:18]} Kh8 {[%clk 0:52:27]} 45. Ng5 {[%clk 0:26:21]} 1-0

[Event "Moscow_Open_19_TurnirA"]
[Site "?"]
[Date "2019.01.29"]
[Round "4.6"]
[White "Atabayev, Saparmyrat"]
[Black "Sjugirov, Sanan"]
[Result "0-1"]
[BlackElo "2663"]
[WhiteElo "2434"]
[LiveChessVersion "1.4.8"]

1. d4 {[%clk 1:30:58]} Nf6 {[%clk 1:30:44]} 2. Nf3 {[%clk 1:31:21]} g6
{[%clk 1:30:46]} 3. g3 Bg7 {[%clk 1:30:54]} 4. Bg2 {[%clk 1:32:11]} O-O
{[%clk 1:29:09]} 5. O-O {[%clk 1:32:37]} d5 {[%clk 1:28:59]} 6. c4
{[%clk 1:33:01]} dxc4 {[%clk 1:23:01]} 7. Na3 {[%clk 1:33:26]} c3
{[%clk 1:23:26]} 8. bxc3 {[%clk 1:33:53]} c5 {[%clk 1:23:48]} 9. Re1
{[%clk 1:34:16]} Nc6 {[%clk 1:12:42]} 10. Bb2 {[%clk 1:34:38]} Qb6
{[%clk 1:04:52]} 11. Nc4 {[%clk 1:25:45]} Qa6 {[%clk 1:04:29]} 12. Nce5
{[%clk 1:25:09]} cxd4 {[%clk 0:58:20]} 13. Nxc6 {[%clk 1:17:49]} bxc6
{[%clk 0:35:38]} 14. Nxd4 {[%clk 1:15:23]} Rb8 {[%clk 0:34:03]} 15. Qc1
{[%clk 1:05:56]} Bd7 {[%clk 0:32:36]} 16. Ba3 {[%clk 0:59:19]} Rfe8
{[%clk 0:32:35]} 17. e4 {[%clk 0:49:32]} Ng4 {[%clk 0:32:19]} 18. Bf1
{[%clk 0:34:47]} Qa5 {[%clk 0:32:36]} 19. h3 {[%clk 0:29:15]} Bh6
{[%clk 0:24:23]} 20. Bb4 {[%clk 0:21:37]} Qc7 {[%clk 0:23:52]} 21. Qa3
{[%clk 0:16:32]} Be3 {[%clk 0:23:55]} 22. Rxe3 {[%clk 0:15:32]} Nxe3
{[%clk 0:24:19]} 23. Bxe7 {[%clk 0:15:31]} Nxf1 {[%clk 0:22:32]} 24. Bd6
{[%clk 0:14:58]} Qb6 {[%clk 0:22:38]} 25. Bxb8 {[%clk 0:15:07]} Rxb8
{[%clk 0:22:42]} 26. Rxf1 {[%clk 0:15:17]} Bxh3 {[%clk 0:22:11]} 27. Re1
{[%clk 0:11:51]} c5 {[%clk 0:22:22]} 28. Nb3 {[%clk 0:11:36]} Qf6
{[%clk 0:20:19]} 29. Qxa7 {[%clk 0:11:07]} Rd8 {[%clk 0:20:00]} 30. f4
{[%clk 0:08:07]} Qxc3 {[%clk 0:19:57]} 31. Kf2 {[%clk 0:08:36]} Bg4
{[%clk 0:18:51]} 32. Qxc5 {[%clk 0:08:50]} Rd2+ {[%clk 0:19:02]} 33. Kf1
{[%clk 0:09:11]} Qf3+ 0-1

[Event "Moscow_Open_19_TurnirA"]
[Site "?"]
[Date "2019.01.29"]
[Round "4.7"]
[White "Lysyj, Igor"]
[Black "Kozionov, Kirill"]
[Result "1/2-1/2"]
[BlackElo "2460"]
[WhiteElo "2633"]
[LiveChessVersion "1.4.8"]

1. d4 {[%clk 1:30:55]} Nf6 2. c4 {[%clk 1:31:19]} g6 {[%clk 1:30:37]} 3. Nc3
{[%clk 1:31:41]} Bg7 {[%clk 1:31:01]} 4. e4 {[%clk 1:32:05]} d6 {[%clk 1:31:25]}
5. Nf3 {[%clk 1:32:25]} O-O {[%clk 1:31:45]} 6. Be2 {[%clk 1:32:48]} e5
{[%clk 1:31:34]} 7. O-O {[%clk 1:32:19]} Nc6 {[%clk 1:31:41]} 8. d5
{[%clk 1:32:40]} Ne7 {[%clk 1:31:54]} 9. Ne1 {[%clk 1:33:01]} Nd7
{[%clk 1:31:16]} 10. f3 {[%clk 1:33:21]} f5 {[%clk 1:31:13]} 11. Bg5
{[%clk 1:33:42]} f4 {[%clk 1:23:41]} 12. Bh4 {[%clk 1:33:59]} h6 {[%clk 1:12:02]}
13. Bf2 {[%clk 1:33:52]} g5 {[%clk 1:12:18]} 14. Nd3 {[%clk 1:32:53]} Nf6
{[%clk 1:11:55]} 15. c5 {[%clk 1:33:08]} Ng6 {[%clk 1:12:15]} 16. Rc1
{[%clk 1:27:53]} Rf7 {[%clk 1:12:34]} 17. Nb5 {[%clk 1:26:55]} a6
{[%clk 0:59:40]} 18. Na3 {[%clk 1:26:39]} g4 {[%clk 0:55:06]} 19. Qe1
{[%clk 1:26:59]} Bf8 {[%clk 0:35:40]} 20. cxd6 {[%clk 1:24:48]} Bxd6
{[%clk 0:30:43]} 21. Nc4 {[%clk 1:21:39]} Rg7 {[%clk 0:30:27]} 22. Kh1
{[%clk 1:17:01]} h5 {[%clk 0:29:48]} 23. g3 {[%clk 0:57:17]} Qe7 {[%clk 0:22:59]}
24. Rg1 {[%clk 0:44:15]} gxf3 {[%clk 0:14:48]} 25. Bxf3 {[%clk 0:44:35]} Bg4
{[%clk 0:15:10]} 26. Qe2 {[%clk 0:44:54]} fxg3 {[%clk 0:07:32]} 27. Bxg3
{[%clk 0:43:23]} Rf8 {[%clk 0:06:46]} 28. Rcf1 {[%clk 0:36:35]} Bh3
{[%clk 0:07:00]} 29. Bg2 {[%clk 0:34:51]} Bg4 {[%clk 0:06:48]} 30. Bf3
{[%clk 0:34:31]} Bh3 {[%clk 0:07:11]} 31. Bg2 {[%clk 0:34:58]} Bg4
{[%clk 0:07:35]} 1/2-1/2

[Event "Moscow_Open_19_TurnirA"]
[Site "?"]
[Date "2019.01.29"]
[Round "4.8"]
[White "Grachev, Boris"]
[Black "Urazayev, Arystanbek"]
[Result "1-0"]
[BlackElo "2450"]
[WhiteElo "2626"]
[LiveChessVersion "1.4.8"]

1. Nf3 {[%clk 1:28:02]} Nf6 {[%clk 1:30:51]} 2. c4 {[%clk 1:28:27]} e6
{[%clk 1:31:03]} 3. Nc3 {[%clk 1:28:37]} d5 {[%clk 1:30:39]} 4. e3
{[%clk 1:28:56]} a6 {[%clk 1:28:21]} 5. b3 {[%clk 1:29:08]} b6 {[%clk 1:28:32]}
6. g3 {[%clk 1:28:03]} Bb7 {[%clk 1:27:53]} 7. Bg2 {[%clk 1:28:22]} Bd6
{[%clk 1:27:17]} 8. O-O {[%clk 1:28:07]} O-O {[%clk 1:27:28]} 9. Bb2
{[%clk 1:27:44]} Nbd7 {[%clk 1:27:27]} 10. Qe2 {[%clk 1:23:14]} c5
{[%clk 1:23:16]} 11. cxd5 {[%clk 1:13:24]} exd5 {[%clk 1:22:39]} 12. d4
{[%clk 1:13:29]} Re8 {[%clk 1:20:24]} 13. Rfd1 {[%clk 1:13:12]} Qe7
{[%clk 1:11:53]} 14. Nh4 {[%clk 1:01:54]} Qe6 {[%clk 1:09:37]} 15. Qd2
{[%clk 0:55:58]} cxd4 {[%clk 1:02:11]} 16. Qxd4 {[%clk 0:55:31]} Be5
{[%clk 0:56:04]} 17. Qd2 {[%clk 0:54:11]} Nc5 {[%clk 0:53:35]} 18. Nf3
{[%clk 0:52:10]} Bd6 {[%clk 0:44:48]} 19. Nd4 {[%clk 0:42:21]} Qd7
{[%clk 0:44:35]} 20. Rac1 {[%clk 0:41:22]} Rad8 {[%clk 0:42:27]} 21. Qc2
{[%clk 0:40:36]} Nfe4 {[%clk 0:37:05]} 22. Nce2 {[%clk 0:33:09]} Rc8
{[%clk 0:30:57]} 23. Qb1 {[%clk 0:33:11]} h5 {[%clk 0:28:13]} 24. Nf4
{[%clk 0:31:28]} Bxf4 {[%clk 0:20:39]} 25. exf4 {[%clk 0:31:19]} h4
{[%clk 0:20:18]} 26. Ba1 {[%clk 0:29:12]} h3 {[%clk 0:16:55]} 27. Bf1
{[%clk 0:28:34]} f6 {[%clk 0:06:07]} 28. f3 {[%clk 0:27:34]} Nd6 {[%clk 0:06:07]}
29. Qg6 {[%clk 0:27:18]} Rcd8 {[%clk 0:04:29]} 30. b4 {[%clk 0:24:05]} Na4
{[%clk 0:03:32]} 31. Bd3 {[%clk 0:23:50]} Rc8 {[%clk 0:02:19]} 32. Qh7+
{[%clk 0:23:23]} Kf8 {[%clk 0:02:43]} 33. Bg6 {[%clk 0:23:05]} 1-0

[Event "Moscow_Open_19_TurnirA"]
[Site "?"]
[Date "2019.01.29"]
[Round "4.9"]
[White "Shukh, Nikolai"]
[Black "Timofeev, Artyom"]
[Result "0-1"]
[BlackElo "2592"]
[WhiteElo "2459"]
[LiveChessVersion "1.4.8"]

1. e4 {[%clk 1:30:57]} c5 {[%clk 1:30:55]} 2. Nf3 {[%clk 1:31:21]} d6 3. Bc4
{[%clk 1:29:12]} Nf6 {[%clk 1:30:36]} 4. e5 {[%clk 1:27:52]} dxe5
{[%clk 1:30:56]} 5. Nxe5 {[%clk 1:28:18]} e6 {[%clk 1:31:21]} 6. Qe2
{[%clk 1:28:43]} Bd6 {[%clk 1:29:56]} 7. O-O {[%clk 1:26:12]} Qc7
{[%clk 1:29:05]} 8. f4 {[%clk 1:26:09]} O-O {[%clk 1:22:48]} 9. b3
{[%clk 1:23:48]} Nd5 {[%clk 1:14:09]} 10. Bxd5 {[%clk 1:12:33]} exd5
{[%clk 1:08:37]} 11. Nc3 {[%clk 1:12:45]} Qd8 {[%clk 1:04:56]} 12. Bb2
{[%clk 1:08:45]} Nc6 {[%clk 0:59:05]} 13. Rae1 {[%clk 0:58:56]} Nd4
{[%clk 0:57:31]} 14. Qd1 {[%clk 0:45:39]} Bc7 {[%clk 0:42:07]} 15. Na4
{[%clk 0:42:16]} Bd6 {[%clk 0:33:31]} 16. Nc3 {[%clk 0:38:47]} Bf5
{[%clk 0:30:00]} 17. d3 {[%clk 0:32:53]} Bc7 {[%clk 0:29:15]} 18. Qh5
{[%clk 0:30:21]} Ba5 {[%clk 0:25:24]} 19. g4 {[%clk 0:26:58]} Bg6
{[%clk 0:21:49]} 20. Qh3 {[%clk 0:26:49]} Nxc2 {[%clk 0:21:50]} 21. Rc1
{[%clk 0:22:07]} Nd4 {[%clk 0:20:55]} 22. Qg2 {[%clk 0:18:47]} Re8
{[%clk 0:10:29]} 23. Nxd5 {[%clk 0:16:02]} Rxe5 {[%clk 0:10:29]} 24. fxe5
{[%clk 0:16:04]} Bxd3 {[%clk 0:10:54]} 25. Rf2 {[%clk 0:07:46]} Ne2+
{[%clk 0:09:39]} 26. Rxe2 {[%clk 0:07:54]} Bxe2 {[%clk 0:10:04]} 27. e6
{[%clk 0:04:26]} fxe6 {[%clk 0:09:24]} 28. Nf4 {[%clk 0:04:37]} Ba6
{[%clk 0:06:58]} 29. Qe4 {[%clk 0:03:10]} Qd6 {[%clk 0:06:00]} 30. Qxe6+
{[%clk 0:02:18]} Qxe6 {[%clk 0:05:52]} 31. Nxe6 {[%clk 0:02:44]} Re8
{[%clk 0:05:26]} 32. Nxg7 {[%clk 0:01:17]} Re2 {[%clk 0:05:46]} 33. Bf6
{[%clk 0:01:27]} Bd2 {[%clk 0:05:32]} 34. Rd1 {[%clk 0:01:39]} Be3+
{[%clk 0:05:52]} 35. Kh1 {[%clk 0:02:06]} Bb5 {[%clk 0:06:14]} 36. Rd6
{[%clk 0:01:30]} Bc6+ {[%clk 0:05:21]} 37. Rxc6 {[%clk 0:01:56]} bxc6
{[%clk 0:05:48]} 38. Nf5 {[%clk 0:02:20]} Kf7 {[%clk 0:06:03]} 39. Be5
{[%clk 0:02:29]} Bf2 {[%clk 0:04:41]} 0-1